000 00388nam a2200145Ia 4500
008 230312s9999||||xx |||||||||||||| ||und||
020 _a1-905209-46-0
082 _a621.382
_bREC
245 0 _aReconfigurable Mobile Radio Systems
260 _bIste
_aUSA
_c2007
300 _a238
546 _aEng.
650 _aEngineering
_vServices and Adaptive Uses,Software-defined Radio
942 _cBK
999 _c1422
_d1422